|
|
|
|
| LEADER |
00705cam a2200193 7i4500 |
| 001 |
0000039747 |
| 005 |
20210126090000.0 |
| 020 |
|
|
|a 9788170356394 (hbk.)
|
| 020 |
|
|
|a 8170356393 (hbk.)
|
| 090 |
0 |
0 |
|a SH151
|b .R42 2010
|
| 100 |
1 |
|
|a Ray, P
|
| 245 |
1 |
0 |
|a Biodiversity reserve :
|b a goldmine for aquaculture
|c P. Ray.
|
| 260 |
|
|
|a Delhi:
|b Daya Pub. House,
|c 2010.
|
| 300 |
|
|
|a xvi, 396 p.;
|c 25 cm.
|
| 650 |
0 |
0 |
|a Aquaculture --
|z India --
|z West Bengal
|
| 650 |
0 |
0 |
|a Fisheries --
|z India --
|z West Bengal
|
| 650 |
0 |
0 |
|a Fish culture --
|z India --
|z West Bengal
|
| 997 |
|
|
|a Engineering & Life Sciences, Faculty
|b Science & Biotechnology, Department
|
| 999 |
|
|
|a 0000050922
|b BOK
|c OPEN SHELF
|e 2nd Floor, Bestari Jaya
|